[Event "First Saturday 2010 junius IM-A"]
[Site "Budapest"]
[Date "2010.06.15"]
[Round "11"]
[White "Szalanczy, Emil"]
[Black "Njili, Kamel"]
[Result "1-0"]
[WhiteElo "2277"]
[BlackElo "2247"]
[PlyCount "63"]
[EventDate "2010.06.05"]

1. e4 c5 2. Nf3 d6 3. d4 cxd4 4. Nxd4 Nf6 5. Nc3 a6 6. Be3 b5 7. a4 b4 8. Nd5
e6 9. Nxf6+ Qxf6 10. Bd3 Bb7 11. O-O Nc6 12. a5 Ne5 13. f4 Nxd3 14. cxd3 Qd8
15. f5 e5 16. Ne6 Qd7 17. Rc1 fxe6 18. Qh5+ Qf7 19. Qxf7+ Kxf7 20. Rc7+ Be7 21.
Bg5 Rhe8 22. f6 Kg6 23. fxe7 Bxe4 24. dxe4 Kxg5 25. h4+ Kg6 26. g4 h5 27. g5
Rab8 28. b3 d5 29. exd5 exd5 30. Rc6+ Kh7 31. Re6 d4 32. Rf7 1-0

[Event "First Saturday 2010 junius IM-A"]
[Site "Budapest"]
[Date "2010.06.15"]
[Round "11"]
[White "Antipov, Mikhail A"]
[Black "Brustkern, Juergen"]
[Result "0-1"]
[WhiteElo "2237"]
[BlackElo "2256"]
[PlyCount "64"]
[EventDate "2010.06.05"]

1. e4 e6 2. d4 d5 3. Nc3 Nf6 4. Bg5 dxe4 5. Nxe4 Be7 6. Bxf6 gxf6 7. Nf3 a6 8.
Bd3 f5 9. Ng3 Nd7 10. d5 Nc5 11. dxe6 Nxd3+ 12. cxd3 Bxe6 13. O-O Qd6 14. Qa4+
Bd7 15. Qc2 O-O-O 16. d4 Qd5 17. Ne5 f4 18. Ne2 Rhg8 19. g3 fxg3 20. hxg3 Bh3
21. Nf4 Qxd4 22. Nxh3 Rxg3+ 23. Kh2 Rxh3+ 24. Kxh3 Qh4+ 25. Kg2 Qg5+ 26. Kf3
Qxe5 27. Qe4 Qf6+ 28. Ke3 Bc5+ 29. Ke2 Qxb2+ 30. Kf3 Qc3+ 31. Kg4 Rg8+ 32. Kh4
Bxf2+ 0-1

[Event "First Saturday 2010 junius IM-A"]
[Site "Budapest"]
[Date "2010.06.15"]
[Round "11"]
[White "Iwamoto, Takashi"]
[Black "Rooze, Jan"]
[Result "1/2-1/2"]
[WhiteElo "2268"]
[BlackElo "2338"]
[PlyCount "60"]
[EventDate "2010.06.05"]

1. Nf3 Nf6 2. c4 c5 3. g3 b6 4. Bg2 Bb7 5. O-O e6 6. Nc3 Be7 7. Re1 d6 8. e4 a6
9. d4 cxd4 10. Nxd4 Qc7 11. Be3 Nbd7 12. f4 O-O 13. Rc1 Rac8 14. f5 e5 15. Nd5
Qd8 16. Nb3 Nxd5 17. cxd5 Bg5 18. Qd2 Bxe3+ 19. Qxe3 Rxc1 20. Rxc1 Qb8 21. Rc3
Rc8 22. Qc1 Rxc3 23. Qxc3 Qc8 24. Qxc8+ Bxc8 25. Nd2 Kf8 26. Kf2 Ke7 27. Ke3
Kd8 28. Bf1 Kc7 29. Be2 Nf6 30. g4 h6 1/2-1/2

[Event "First Saturday 2010 junius IM-A"]
[Site "Budapest"]
[Date "2010.06.15"]
[Round "11"]
[White "Szeberenyi, Adam"]
[Black "Lengyel, Bela"]
[Result "1/2-1/2"]
[WhiteElo "2308"]
[BlackElo "2266"]
[PlyCount "33"]
[EventDate "2010.06.05"]

1. Nf3 c5 2. c4 Nc6 3. Nc3 g6 4. g3 Bg7 5. Bg2 e5 6. O-O Nge7 7. d3 O-O 8. a3
d6 9. Rb1 a5 10. Nd5 Be6 11. Nxe7+ Nxe7 12. b4 axb4 13. axb4 b6 14. Bg5 h6 15.
Bxe7 Qxe7 16. Nd2 Ra2 17. Ne4 1/2-1/2